Fundamentals of Mathematical Statistics (Record no. 9243)

MARC details
000 -LEADER
fixed length control field 00367nam a22001457a 4500
003 - CONTROL NUMBER IDENTIFIER
control field OSt
008 - FIXED-LENGTH DATA ELEMENTS--GENERAL INFORMATION
fixed length control field 201119b ||||| |||| 00| 0 eng d
020 ## - INTERNATIONAL STANDARD BOOK NUMBER
International Standard Book Number 9788180549687
100 ## - MAIN ENTRY--PERSONAL NAME
Personal name Gupta, S.C. and Kapoor, V.K.
245 ## - TITLE STATEMENT
Title Fundamentals of Mathematical Statistics
260 ## - PUBLICATION, DISTRIBUTION, ETC. (IMPRINT)
Place of publication, distribution, etc New Delhi
Name of publisher, distributor, etc Sultan chand
Date of publication, distribution, etc 2020
300 ## - PHYSICAL DESCRIPTION
Extent Misc
650 ## - SUBJECT ADDED ENTRY--TOPICAL TERM
Topical term or geographic name as entry element B.Com
942 ## - ADDED ENTRY ELEMENTS (KOHA)
Source of classification or shelving scheme Dewey Decimal Classification
Koha item type Text Books
Holdings
Withdrawn status Lost status Source of classification or shelving scheme Damaged status Not for loan Collection code Home library Current library Date acquired Source of acquisition Currency Cost, normal purchase price Bill Number Total Checkouts Acc. no. / Barcode Date last seen Actual Cost, discounted price Bill Date Koha item type
    Dewey Decimal Classification     B.Com PIET NCR College Library PIET NCR College Library 19/11/2020 Kirti Prakashan In Rupees 590.00 IN413   N501 19/11/2020 472.00 03/09/2020 Reference Books
    Dewey Decimal Classification     B.Com PIET NCR College Library PIET NCR College Library 19/11/2020 Kirti Prakashan In Rupees 590.00 IN413   N502 19/11/2020 472.00 03/09/2020 Text Books
    Dewey Decimal Classification     B.Com PIET NCR College Library PIET NCR College Library 19/11/2020 Kirti Prakashan In Rupees 590.00 IN413   N503 19/11/2020 472.00 03/09/2020 Text Books
    Dewey Decimal Classification     B.Com PIET NCR College Library PIET NCR College Library 19/11/2020 Kirti Prakashan In Rupees 590.00 IN413   N504 19/11/2020 472.00 03/09/2020 Text Books
    Dewey Decimal Classification     B.Com PIET NCR College Library PIET NCR College Library 19/11/2020 Kirti Prakashan In Rupees 590.00 IN413   N505 19/11/2020 472.00 03/09/2020 Text Books
    Dewey Decimal Classification     B.Com PIET NCR College Library PIET NCR College Library 19/11/2020 Kirti Prakashan In Rupees 590.00 IN413   N506 19/11/2020 472.00 03/09/2020 Text Books

Design & Developed by: PIET Central Library
R70 Miles Stone Pattikalyana Samalkha Panipat 132102
mail ID :- [email protected], Phone No:- 0180-2569700 Ex.216